National examinations design, procedures and reporting / (Record no. 216529)
[ view plain ]
| 000 -LEADER | |
|---|---|
| fixed length control field | 00810cam a22002654a 4500 |
| 005 - DATE AND TIME OF LATEST TRANSACTION | |
| control field | 20260330160018.0 |
| 008 - FIXED-LENGTH DATA ELEMENTS--GENERAL INFORMATION | |
| fixed length control field | 110922s2012 mau b 001 0 eng |
| 010 ## - LIBRARY OF CONGRESS CONTROL NUMBER | |
| LC control number | 2011038297 |
| 020 ## - INTERNATIONAL STANDARD BOOK NUMBER | |
| International Standard Book Number | 9780262517638 |
| Qualifying information | pbk. : alk. paper |
| 020 ## - INTERNATIONAL STANDARD BOOK NUMBER | |
| International Standard Book Number | 0262517639 |
| Qualifying information | pbk. : alk. paper |
| 040 ## - CATALOGING SOURCE | |
| Original cataloging agency | LC |
| Transcribing agency | UNZA |
| Description conventions | RDA |
| 050 00 - LIBRARY OF CONGRESS CALL NUMBER | |
| Classification number | LB 3051 |
| Item number | KEE 1994 |
| 100 1# - MAIN ENTRY--PERSONAL NAME | |
| Personal name | Keeves, John P. |
| Relator term | author |
| 245 10 - TITLE STATEMENT | |
| Title | National examinations design, procedures and reporting / |
| Statement of responsibility, etc. | John P. Keeves. |
| 260 ## - PUBLICATION, DISTRIBUTION, ETC. | |
| Place of publication, distribution, etc. | Paris : |
| Name of publisher, distributor, etc. | UNESCO, |
| Date of publication, distribution, etc. | 1994. |
| 300 ## - PHYSICAL DESCRIPTION | |
| Extent | 108 pages : |
| Dimensions | illustrations. |
| 336 ## - CONTENT TYPE | |
| CONTENT TYPE | text |
| 337 ## - MEDIA TYPE | |
| MEDIA TYPE | unmediated |
| 338 ## - CARRIER TYPE | |
| CARRIER TYPE | volume |
| 504 ## - BIBLIOGRAPHY, ETC. NOTE | |
| Bibliography, etc. note | Includes bibliographical references. |
| 650 #0 - SUBJECT ADDED ENTRY--TOPICAL TERM | |
| Topical term or geographic name entry element | Educational tests and measurements |
| 650 #0 - SUBJECT ADDED ENTRY--TOPICAL TERM | |
| Topical term or geographic name entry element | Education |
| General subdivision | Evaluation |
| 650 #0 - SUBJECT ADDED ENTRY--TOPICAL TERM | |
| Topical term or geographic name entry element | Achievement tests |
| 999 ## - | |
| -- | 216529 |
| -- | 216529 |
| 942 ## - ADDED ENTRY ELEMENTS (KOHA) | |
| Koha item type | Book |
No items available.